00573 2200229 4500001002100000005001700021008004100038020001800079035002400097082001100121090001800132100001200150245003300162250001800195260002700213300002800240650002500268850001600293980001300309985000600322999001500328YOGYA-0209000001794220090227022820.0 ind  a979-533-094-2 0010-020900000017942 a621.31 a621.31bSum M aSUMANTO aMesin-mesin sinkroncsumanto aEd. 1, cet. 1 aYogyakartabAndic1992 av, 125 hlmbilusc20 cm aMesin tenaga listrik aYOPDYOG (B) a21-02-06 a1 a97P0091215